000 00323nam a22001337a 4500
003 OSt
005 20140311163159.0
008 140227t xxu||||| |||| 00| 0 eng d
050 _aLB 1585.5
_b.P952L5 [ca.2000]
245 _aPrimary Science 5 /
300 _a136 p. :
_bill. ;
_c28 cm.
942 _2lcc
_cBK-TR
999 _c42470
_d42470